000 01236cam a22003377a 4500
003 CHAP
005 20220329135307.0
008 971013s1977 r 00010 d
010 _a33923
011 _a34895
035 _a39011
040 _cCHAP
082 _a636.2
_bM45
100 0 0 _aMenco, B. P. M.
_974557
245 1 2 _aA qualitative and quantitative investigation of olfactory and nasal respiratory mucosal surfaces of cow and shepp bases on various ultra-structural and biochemical methods
260 _aWageningen :
_bVeenman & Zoenen,
_c1977
300 _a157 p.
_b: ilus
490 0 _aMiscellaneous publication
_v; 77-13
590 _aBATCH-UPD
_b10
_c20130110
_lUCH01
_h1623
590 _aBATCH-UPD
_b10
_c20130410
_lUCH01
_h1017
590 _aBATCH-UPD
_b10
_c20130914
_lUCH01
_h1514
590 _aCONVERSION
_b10
_c20130109
_lUCH01
_h1319
650 1 4 _aGanado lanar
_xAnatomía y fisiología.
_945155
650 1 4 _aGanado vacuno
_xAnatomía y fisiología.
_945433
650 1 4 _aMembranas mucosas.
_974497
650 1 4 _aOrganos respiratorios.
_983568
830 0 _aMiscellaneous publication
_v; 77-13
_976163
901 _aBK
942 _cLIBRO
949 _a636.2 M45
_bBC
_cLIBRO
_d33724000097515
_eLIBRO
_h33191
_i39011
_mD
_si
999 _c33923
_d33923